000 00931nam a2200337Ia 4500
001 7474
005 20240113234018.0
007 ta
008 050706s1989 a g b000 u eng u
020 _a81-7141-033-2
040 _aCotton College,Assam
041 _aeng
082 _a320.954
_bJe 41 El
100 _aJena, B.B. .
245 0 _aElection Politics and Voting Behaviour in India: A Study of Orissa /
_cB.B. Jena, J.K. Baral.
_hTextual Documents
250 _a1st ed. /
260 _aDelhi :
_bDiscovery Publishing ,
_c1989.
300 _axii, 278p. :
_bill. ;
_c22cm .
504 _aBib.
653 _aPolitical Science
653 _aPolitics-India
653 _aElections-India
653 _aIndia-Election
653 _aPG-Political Science
653 _aVoting Behaviour-India
700 _aBaral, J.K. .
942 _2ddc
_cBK
999 _c7461
_d7461